[Event "European Women's Championship"]
[Site "Vysoke Tatry"]
[Date "2018.04.12"]
[Round "5"]
[White "Gaponenko, Inna"]
[Black "Tomilova, Elena"]
[Result "1/2-1/2"]
[Board "21"]
[WhiteElo "2406"]
[WhiteTitle "IM"]
[WhiteCountry "UKR"]
[WhiteFideId "14101181"]
[WhiteEloChange "-1"]
[BlackElo "2326"]
[BlackTitle "WIM"]
[BlackCountry "RUS"]
[BlackFideId "4162340"]
[BlackEloChange "2"]

1. e4 {[%clk 1:30:57]} e6 {[%clk 1:30:54]} 2. d4 {[%clk 1:31:21]} d5 {[%clk
1:31:21]} 3. Nc3 {[%clk 1:31:43]} Nf6 {[%clk 1:31:45]} 4. e5 {[%clk 1:32:04]}
Nfd7 {[%clk 1:32:10]} 5. f4 {[%clk 1:32:28]} c5 {[%clk 1:32:37]} 6. Nf3 {[%clk
1:32:52]} Nc6 {[%clk 1:33:03]} 7. Be3 {[%clk 1:33:14]} cxd4 {[%clk 1:33:25]} 8.
Nxd4 {[%clk 1:33:38]} Bc5 {[%clk 1:33:49]} 9. Qd2 {[%clk 1:33:40]} O-O {[%clk
1:34:10]} 10. O-O-O {[%clk 1:30:59]} a6 {[%clk 1:34:21]} 11. Nb3 {[%clk 1:26:07]}
Bb4 {[%clk 1:31:05]} 12. Qe1 {[%clk 0:43:32]} b5 {[%clk 1:24:31]} 13. Kb1 {[%clk
0:36:24]} Bb7 {[%clk 1:19:38]} 14. h4 {[%clk 0:32:45]} Rc8 {[%clk 1:18:24]} 15.
Rh3 {[%clk 0:26:55]} Na5 {[%clk 1:04:19]} 16. Nd4 {[%clk 0:04:09]} Bxc3 {[%clk
0:56:33]} 17. bxc3 {[%clk 0:04:37]} Nc5 {[%clk 0:56:18]} 18. f5 {[%clk 0:03:57]}
Ne4 {[%clk 0:53:39]} 19. Bc1 {[%clk 0:04:25]} Qc7 {[%clk 0:42:26]} 20. fxe6
{[%clk 0:04:46]} Qxe5 {[%clk 0:42:39]} 21. Ba3 {[%clk 0:04:28]} Rfe8 {[%clk
0:38:16]} 22. exf7+ {[%clk 0:04:42]} Kxf7 {[%clk 0:38:43]} 23. Bb4 {[%clk
0:04:55]} Nc4 {[%clk 0:35:21]} 24. Bxc4 {[%clk 0:05:20]} Rxc4 {[%clk 0:35:41]}
25. Rf3+ {[%clk 0:02:35]} Kg8 {[%clk 0:35:55]} 26. Qf1 {[%clk 0:02:54]} h6 {[%clk
0:32:09]} 27. Rf8+ {[%clk 0:02:48]} Rxf8 {[%clk 0:32:26]} 28. Qxf8+ {[%clk
0:03:16]} Kh7 {[%clk 0:32:54]} 29. Kb2 {[%clk 0:03:18]} Bc8 {[%clk 0:28:46]} 30.
Nf3 {[%clk 0:01:27]} Qc7 {[%clk 0:27:35]} 31. Rxd5 {[%clk 0:01:08]} Nxc3 {[%clk
0:15:17]} 32. Bxc3 {[%clk 0:01:32]} Rxc3 {[%clk 0:15:45]} 33. Nd4 {[%clk
0:01:59]} Be6 {[%clk 0:10:34]} 34. Rd8 {[%clk 0:01:31]} Re3 {[%clk 0:08:04]} 35.
Qh8+ {[%clk 0:01:07]} Kg6 {[%clk 0:08:33]} 36. Qe8+ {[%clk 0:01:32]} Kh7 {[%clk
0:08:57]} 37. Qh8+ {[%clk 0:01:57]} Kg6 {[%clk 0:09:24]} 38. Qe8+ {[%clk
0:02:18]} Kh7 {[%clk 0:09:53]} 1/2-1/2

[Event "European Women's Championship"]
[Site "Vysoke Tatry"]
[Date "2018.04.12"]
[Round "5"]
[White "Maltsevskaya, Aleksandra"]
[Black "Szczepkowska, Karina"]
[Result "1/2-1/2"]
[Board "22"]
[WhiteElo "2237"]
[WhiteCountry "RUS"]
[WhiteFideId "24174041"]
[WhiteEloChange "4"]
[BlackElo "2403"]
[BlackTitle "IM"]
[BlackCountry "POL"]
[BlackFideId "1122681"]
[BlackEloChange "-2"]

1. e4 {[%clk 1:30:56]} e5 {[%clk 1:30:21]} 2. Nf3 {[%clk 1:31:19]} Nc6 {[%clk
1:30:47]} 3. Bb5 {[%clk 1:31:40]} a6 {[%clk 1:31:05]} 4. Ba4 {[%clk 1:32:03]} Nf6
{[%clk 1:31:28]} 5. O-O {[%clk 1:32:26]} b5 {[%clk 1:30:34]} 6. Bb3 {[%clk
1:32:49]} Bb7 {[%clk 1:30:55]} 7. d3 {[%clk 1:33:08]} Be7 {[%clk 1:30:24]} 8. Nc3
{[%clk 1:33:30]} O-O {[%clk 1:29:42]} 9. Bd2 {[%clk 1:33:46]} d6 {[%clk 1:29:52]}
10. a4 {[%clk 1:33:56]} Na5 {[%clk 1:17:21]} 11. Ba2 {[%clk 1:34:16]} b4 {[%clk
1:17:18]} 12. Nd5 {[%clk 1:32:04]} c5 {[%clk 1:17:33]} 13. c3 {[%clk 1:24:47]}
bxc3 {[%clk 1:12:08]} 14. Bxc3 {[%clk 1:17:29]} Nc6 {[%clk 1:10:50]} 15. Nd2
{[%clk 1:11:41]} Rb8 {[%clk 1:06:11]} 16. Nxf6+ {[%clk 1:06:54]} Bxf6 {[%clk
1:06:15]} 17. Bd5 {[%clk 1:06:36]} g6 {[%clk 0:58:33]} 18. Nc4 {[%clk 1:04:45]}
Bg7 {[%clk 0:56:47]} 19. Qd2 {[%clk 1:01:29]} Ne7 {[%clk 0:42:48]} 20. Bxb7
{[%clk 0:57:21]} Rxb7 {[%clk 0:42:53]} 21. f4 {[%clk 0:43:37]} Bh6 {[%clk
0:38:46]} 22. g3 {[%clk 0:42:21]} exf4 {[%clk 0:38:40]} 23. Bf6 {[%clk 0:34:22]}
Qd7 {[%clk 0:26:51]} 24. gxf4 {[%clk 0:29:01]} Rfb8 {[%clk 0:24:12]} 25. Qg2
{[%clk 0:26:25]} Nc6 {[%clk 0:15:15]} 26. Ne3 {[%clk 0:18:17]} Bg7 {[%clk
0:15:07]} 27. Bxg7 {[%clk 0:16:12]} Kxg7 {[%clk 0:15:32]} 28. Rf2 {[%clk
0:15:56]} f6 {[%clk 0:12:57]} 29. h4 {[%clk 0:15:02]} Kh8 {[%clk 0:11:35]} 30. h5
{[%clk 0:04:03]} gxh5 {[%clk 0:09:43]} 31. Kh1 {[%clk 0:04:11]} Rg8 {[%clk
0:06:33]} 32. Qh2 {[%clk 0:04:29]} Rb3 {[%clk 0:05:57]} 33. Rd1 {[%clk 0:02:58]}
Nb4 {[%clk 0:05:33]} 34. Rg2 {[%clk 0:01:09]} Rxg2 {[%clk 0:04:12]} 35. Qxg2
{[%clk 0:01:35]} Nxd3 {[%clk 0:04:09]} 36. Rg1 {[%clk 0:00:48]} Nf2+ {[%clk
0:01:53]} 37. Qxf2 {[%clk 0:00:35]} Qh3+ {[%clk 0:02:16]} 38. Qh2 {[%clk
0:01:02]} Rxe3 {[%clk 0:01:11]} 39. Qxh3 {[%clk 0:01:26]} Rxh3+ {[%clk 0:01:37]}
40. Kg2 {[%clk 0:31:53]} Rd3 {[%clk 0:31:13]} 41. Re1 {[%clk 0:25:12]} Rd2+
{[%clk 0:26:38]} 42. Kf3 {[%clk 0:23:14]} Kg7 {[%clk 0:25:54]} 43. e5 {[%clk
0:20:31]} fxe5 {[%clk 0:24:36]} 44. fxe5 {[%clk 0:20:56]} d5 {[%clk 0:24:58]} 45.
e6 {[%clk 0:20:02]} Kf8 {[%clk 0:25:21]} 46. Kf4 {[%clk 0:19:54]} Ke7 {[%clk
0:19:06]} 47. Ke5 {[%clk 0:19:24]} d4 {[%clk 0:19:24]} 48. Kd5 {[%clk 0:04:20]}
d3 {[%clk 0:18:34]} 49. Re3 {[%clk 0:01:18]} Rxb2 {[%clk 0:06:57]} 50. Rxd3
{[%clk 0:01:43]} h4 {[%clk 0:03:31]} 51. Kxc5 {[%clk 0:01:10]} Ra2 {[%clk
0:02:44]} 52. Rd4 {[%clk 0:00:53]} h3 {[%clk 0:01:04]} 53. Rh4 {[%clk 0:01:21]}
h2 {[%clk 0:01:25]} 54. Rxh7+ {[%clk 0:01:31]} Kxe6 {[%clk 0:01:52]} 55. Kb6
{[%clk 0:01:54]} Kf5 {[%clk 0:01:35]} 56. a5 {[%clk 0:02:07]} 1/2-1/2

[Event "European Women's Championship"]
[Site "Vysoke Tatry"]
[Date "2018.04.12"]
[Round "5"]
[White "Brunello, Marina"]
[Black "Hoolt, Sarah"]
[Result "0-1"]
[Board "23"]
[WhiteElo "2307"]
[WhiteTitle "FM"]
[WhiteCountry "ITA"]
[WhiteFideId "822590"]
[WhiteEloChange "-8"]
[BlackElo "2393"]
[BlackTitle "WGM"]
[BlackCountry "GER"]
[BlackFideId "24606812"]
[BlackEloChange "8"]

1. e4 {[%clk 1:30:57]} e6 {[%clk 1:30:56]} 2. d4 {[%clk 1:31:17]} d5 {[%clk
1:31:21]} 3. Nd2 {[%clk 1:31:40]} Be7 {[%clk 1:31:40]} 4. Bd3 {[%clk 1:30:47]} c5
{[%clk 1:31:05]} 5. dxc5 {[%clk 1:30:04]} Nf6 {[%clk 1:31:30]} 6. Qe2 {[%clk
1:22:48]} O-O {[%clk 1:31:07]} 7. Ngf3 {[%clk 1:22:28]} a5 {[%clk 1:31:11]} 8. e5
{[%clk 1:12:21]} Nfd7 {[%clk 1:31:08]} 9. h4 {[%clk 1:12:22]} h6 {[%clk 1:31:22]}
10. Nf1 {[%clk 1:10:04]} Nc6 {[%clk 1:23:52]} 11. Ng3 {[%clk 1:02:28]} Nxc5
{[%clk 1:15:06]} 12. Nh5 {[%clk 0:57:19]} Nxd3+ {[%clk 1:09:16]} 13. cxd3 {[%clk
0:57:13]} f5 {[%clk 1:07:37]} 14. Rg1 {[%clk 0:43:24]} Qe8 {[%clk 0:55:07]} 15.
Nf4 {[%clk 0:43:28]} Bb4+ {[%clk 0:55:16]} 16. Bd2 {[%clk 0:39:17]} b6 {[%clk
0:51:32]} 17. a3 {[%clk 0:39:29]} Bc5 {[%clk 0:47:14]} 18. g4 {[%clk 0:35:51]}
fxg4 {[%clk 0:47:24]} 19. Rxg4 {[%clk 0:36:17]} Rf5 {[%clk 0:40:51]} 20. Ng6
{[%clk 0:30:44]} Kh7 {[%clk 0:26:45]} 21. Be3 {[%clk 0:29:14]} Qf7 {[%clk
0:25:04]} 22. d4 {[%clk 0:24:38]} Rxf3 {[%clk 0:24:52]} 23. dxc5 {[%clk 0:24:55]}
Qf5 {[%clk 0:24:18]} 24. Rg2 {[%clk 0:19:51]} Ba6 {[%clk 0:23:09]} 25. Qd2 {[%clk
0:19:47]} d4 {[%clk 0:22:40]} 26. O-O-O {[%clk 0:17:49]} dxe3 {[%clk 0:22:07]}
27. Qd7 {[%clk 0:17:52]} Rd8 {[%clk 0:21:32]} 0-1

[Event "European Women's Championship"]
[Site "Vysoke Tatry"]
[Date "2018.04.12"]
[Round "5"]
[White "Shuvalova, Polina"]
[Black "Belenkaya, Dina"]
[Result "1-0"]
[Board "24"]
[WhiteElo "2389"]
[WhiteTitle "WIM"]
[WhiteCountry "RUS"]
[WhiteFideId "24171760"]
[WhiteEloChange "8"]
[BlackElo "2308"]
[BlackTitle "WGM"]
[BlackCountry "RUS"]
[BlackFideId "24142654"]
[BlackEloChange "-8"]

1. e4 {[%clk 1:30:56]} c6 {[%clk 1:30:54]} 2. d4 {[%clk 1:31:23]} d5 {[%clk
1:31:21]} 3. exd5 {[%clk 1:31:48]} cxd5 {[%clk 1:31:47]} 4. Bd3 {[%clk 1:32:14]}
Nc6 {[%clk 1:32:13]} 5. c3 {[%clk 1:32:40]} Qc7 {[%clk 1:32:21]} 6. Ne2 {[%clk
1:32:25]} Bg4 {[%clk 1:32:30]} 7. O-O {[%clk 1:32:30]} e6 {[%clk 1:32:41]} 8. Qe1
{[%clk 1:32:50]} Bxe2 {[%clk 1:32:33]} 9. Qxe2 {[%clk 1:33:18]} Bd6 {[%clk
1:32:31]} 10. g3 {[%clk 1:33:29]} h5 {[%clk 1:32:26]} 11. Nd2 {[%clk 1:23:55]} h4
{[%clk 1:31:26]} 12. Nf3 {[%clk 1:22:43]} hxg3 {[%clk 1:29:22]} 13. hxg3 {[%clk
1:20:49]} Nge7 {[%clk 1:28:30]} 14. Kg2 {[%clk 1:14:03]} O-O-O {[%clk 1:28:08]}
15. Bd2 {[%clk 1:13:31]} Nf5 {[%clk 1:19:26]} 16. Rh1 {[%clk 1:12:22]} Qd7 {[%clk
1:07:51]} 17. Rae1 {[%clk 1:10:49]} Rde8 {[%clk 1:01:52]} 18. b4 {[%clk 1:01:26]}
Kb8 {[%clk 0:50:45]} 19. b5 {[%clk 0:54:07]} Na5 {[%clk 0:50:20]} 20. g4 {[%clk
0:43:25]} Nh6 {[%clk 0:48:09]} 21. Ne5 {[%clk 0:41:59]} Qc7 {[%clk 0:47:38]} 22.
Rh3 {[%clk 0:37:24]} f6 {[%clk 0:44:55]} 23. Ng6 {[%clk 0:35:08]} Rhg8 {[%clk
0:45:17]} 24. Re3 {[%clk 0:32:06]} e5 {[%clk 0:24:46]} 25. dxe5 {[%clk 0:32:30]}
Bc5 {[%clk 0:24:46]} 26. Rh3 {[%clk 0:30:16]} fxe5 {[%clk 0:22:35]} 27. Nxe5
{[%clk 0:27:39]} Rgf8 {[%clk 0:19:09]} 28. Rf3 {[%clk 0:25:02]} Ka8 {[%clk
0:13:34]} 29. Rxf8 {[%clk 0:24:11]} Bxf8 {[%clk 0:08:37]} 30. Qf3 {[%clk
0:21:19]} Bd6 {[%clk 0:07:39]} 31. g5 {[%clk 0:19:12]} Rxe5 {[%clk 0:00:50]} 32.
Rxe5 {[%clk 0:17:25]} Bxe5 {[%clk 0:01:19]} 33. gxh6 {[%clk 0:17:53]} gxh6 {[%clk
0:01:45]} 34. Qxd5 {[%clk 0:17:58]} h5 {[%clk 0:00:49]} 35. c4 {[%clk 0:15:05]}
Qg7+ {[%clk 0:01:13]} 36. Kf1 {[%clk 0:14:53]} Bc7 {[%clk 0:01:42]} 37. Qxh5
{[%clk 0:13:39]} Qa1+ {[%clk 0:01:32]} 38. Kg2 {[%clk 0:10:05]} Qg7+ {[%clk
0:01:44]} 39. Kf3 {[%clk 0:06:12]} Qf6+ {[%clk 0:02:03]} 40. Qf5 {[%clk 0:36:00]}
Qxf5+ {[%clk 0:31:02]} 41. Bxf5 {[%clk 0:36:28]} Nxc4 {[%clk 0:31:20]} 42. Bc3
{[%clk 0:26:19]} Kb8 {[%clk 0:25:48]} 43. Kg4 {[%clk 0:22:22]} Bd8 {[%clk
0:23:58]} 44. Bd3 {[%clk 0:20:01]} Nd6 {[%clk 0:23:54]} 45. f4 {[%clk 0:18:38]}
Kc7 {[%clk 0:24:12]} 46. Bd4 {[%clk 0:18:33]} b6 {[%clk 0:19:26]} 47. Kh5 {[%clk
0:17:35]} Kd7 {[%clk 0:08:16]} 48. f5 {[%clk 0:17:54]} Be7 {[%clk 0:03:18]} 49.
Kg6 {[%clk 0:16:37]} Bf8 {[%clk 0:03:34]} 50. Be5 {[%clk 0:15:43]} Ke7 {[%clk
0:01:16]} 51. a4 {[%clk 0:15:39]} Kd7 {[%clk 0:01:11]} 52. Be2 {[%clk 0:12:51]}
Ke7 {[%clk 0:01:22]} 53. Bf3 {[%clk 0:11:20]} Ke8 {[%clk 0:01:32]} 54. Bc6+
{[%clk 0:09:51]} Ke7 {[%clk 0:02:00]} 55. Bf6# {[%clk 0:09:51]} 1-0

[Event "European Women's Championship"]
[Site "Vysoke Tatry"]
[Date "2018.04.12"]
[Round "5"]
[White "Ionescu, Irina"]
[Black "Voit, Daria"]
[Result "1/2-1/2"]
[Board "25"]
[WhiteElo "2247"]
[WhiteTitle "WGM"]
[WhiteCountry "ROU"]
[WhiteFideId "1204750"]
[WhiteEloChange "4"]
[BlackElo "2388"]
[BlackTitle "FM"]
[BlackCountry "RUS"]
[BlackFideId "4182146"]
[BlackEloChange "-4"]

1. d4 {[%clk 1:30:48]} Nf6 {[%clk 1:30:22]} 2. Bf4 {[%clk 1:30:55]} g6 {[%clk
1:28:12]} 3. e3 {[%clk 1:30:07]} Bg7 {[%clk 1:28:38]} 4. Nf3 {[%clk 1:30:19]} d6
{[%clk 1:28:53]} 5. h3 {[%clk 1:30:33]} O-O {[%clk 1:29:17]} 6. Be2 {[%clk
1:30:46]} b6 {[%clk 1:28:55]} 7. O-O {[%clk 1:30:29]} Bb7 {[%clk 1:29:22]} 8. c4
{[%clk 1:29:00]} c5 {[%clk 1:29:39]} 9. Nc3 {[%clk 1:28:03]} cxd4 {[%clk
1:21:50]} 10. exd4 {[%clk 1:26:28]} Ne4 {[%clk 1:09:53]} 11. Rc1 {[%clk 1:22:18]}
Nd7 {[%clk 1:07:28]} 12. Nxe4 {[%clk 1:14:40]} Bxe4 {[%clk 1:07:52]} 13. Qd2
{[%clk 1:14:54]} e5 {[%clk 0:52:58]} 14. Bg5 {[%clk 1:11:05]} f6 {[%clk 0:51:30]}
15. Bh6 {[%clk 1:08:46]} Qe7 {[%clk 0:46:04]} 16. Bxg7 {[%clk 1:00:22]} Kxg7
{[%clk 0:46:23]} 17. Qe3 {[%clk 0:58:35]} Bb7 {[%clk 0:45:50]} 18. b4 {[%clk
0:55:28]} Rac8 {[%clk 0:40:39]} 19. Rfd1 {[%clk 0:53:44]} Rfe8 {[%clk 0:37:55]}
20. dxe5 {[%clk 0:36:07]} dxe5 {[%clk 0:37:55]} 21. a3 {[%clk 0:36:05]} Nf8
{[%clk 0:28:52]} 22. Nd2 {[%clk 0:23:02]} Rc7 {[%clk 0:27:08]} 23. Ne4 {[%clk
0:21:12]} Bxe4 {[%clk 0:27:12]} 24. Qxe4 {[%clk 0:21:35]} Ne6 {[%clk 0:27:38]}
25. Rc3 {[%clk 0:18:14]} Nd4 {[%clk 0:25:27]} 26. Bf1 {[%clk 0:18:33]} a5 {[%clk
0:21:58]} 27. bxa5 {[%clk 0:18:00]} bxa5 {[%clk 0:22:24]} 28. Rb1 {[%clk
0:18:25]} Qc5 {[%clk 0:21:59]} 29. g4 {[%clk 0:17:24]} Re6 {[%clk 0:17:53]} 30.
h4 {[%clk 0:15:53]} f5 {[%clk 0:14:25]} 31. gxf5 {[%clk 0:14:58]} gxf5 {[%clk
0:14:03]} 32. Rg3+ {[%clk 0:15:22]} Rg6 {[%clk 0:14:29]} 33. Qg2 {[%clk 0:15:44]}
Qc6 {[%clk 0:07:48]} 34. Qxc6 {[%clk 0:11:26]} Rxc6 {[%clk 0:08:14]} 35. Rb7+
{[%clk 0:11:04]} Kh6 {[%clk 0:08:29]} 36. Kg2 {[%clk 0:05:43]} e4 {[%clk
0:04:46]} 37. h5 {[%clk 0:05:09]} Rxg3+ {[%clk 0:04:09]} 38. Kxg3 {[%clk
0:05:33]} Kxh5 {[%clk 0:04:02]} 39. Rxh7+ {[%clk 0:05:26]} Kg5 {[%clk 0:04:29]}
40. Rg7+ {[%clk 0:35:34]} Kf6 {[%clk 0:34:57]} 41. Ra7 {[%clk 0:35:38]} Rc5
{[%clk 0:33:24]} 42. Kf4 {[%clk 0:28:36]} Ne6+ {[%clk 0:33:09]} 43. Ke3 {[%clk
0:29:02]} Ke5 {[%clk 0:33:27]} 44. Rd7 {[%clk 0:28:55]} Ng5 {[%clk 0:19:30]} 45.
Re7+ {[%clk 0:26:51]} Ne6 {[%clk 0:18:41]} 46. Rd7 {[%clk 0:26:23]} Ng5 {[%clk
0:17:02]} 1/2-1/2

[Event "European Women's Championship"]
[Site "Vysoke Tatry"]
[Date "2018.04.12"]
[Round "5"]
[White "Schleining, Zoya"]
[Black "Fuchs, Judith"]
[Result "1/2-1/2"]
[Board "26"]
[WhiteElo "2382"]
[WhiteTitle "IM"]
[WhiteCountry "GER"]
[WhiteFideId "4671660"]
[WhiteEloChange "-3"]
[BlackElo "2286"]
[BlackTitle "WGM"]
[BlackCountry "GER"]
[BlackFideId "24605611"]
[BlackEloChange "3"]

1. Nf3 {[%clk 1:30:30]} Nf6 {[%clk 1:30:30]} 2. d4 {[%clk 1:30:30]} c5 {[%clk
1:30:30]} 3. d5 {[%clk 1:30:30]} b5 {[%clk 1:30:30]} 4. c3 {[%clk 1:30:30]} g6
{[%clk 1:29:35]} 5. e4 {[%clk 1:30:11]} Nxe4 {[%clk 1:28:06]} 6. Bxb5 {[%clk
1:30:11]} Bg7 {[%clk 1:26:54]} 7. O-O {[%clk 1:29:42]} Nd6 {[%clk 1:22:42]} 8.
Bd3 {[%clk 1:18:52]} O-O {[%clk 1:19:07]} 9. Re1 {[%clk 1:18:52]} Bb7 {[%clk
1:07:58]} 10. Bg5 {[%clk 1:14:55]} Re8 {[%clk 0:59:07]} 11. Na3 {[%clk 1:09:49]}
f6 {[%clk 0:53:00]} 12. Bf4 {[%clk 1:02:17]} Nf7 {[%clk 0:49:12]} 13. Qb3 {[%clk
0:57:11]} Qc8 {[%clk 0:46:06]} 14. Bc4 {[%clk 0:50:14]} a6 {[%clk 0:40:58]} 15.
Re3 {[%clk 0:42:37]} d6 {[%clk 0:39:56]} 16. Rae1 {[%clk 0:40:01]} Ne5 {[%clk
0:38:10]} 17. Bxe5 {[%clk 0:40:01]} fxe5 {[%clk 0:37:51]} 18. Ng5 {[%clk
0:39:35]} Nd7 {[%clk 0:36:00]} 19. Rh3 {[%clk 0:37:42]} Nf8 {[%clk 0:33:05]} 20.
Nc2 {[%clk 0:34:58]} Qb8 {[%clk 0:28:17]} 21. Qa4 {[%clk 0:33:56]} Qd8 {[%clk
0:27:25]} 22. Ne3 {[%clk 0:32:53]} Bf6 {[%clk 0:20:03]} 23. Ne6 {[%clk 0:28:53]}
Nxe6 {[%clk 0:19:48]} 24. dxe6 {[%clk 0:28:53]} Rf8 {[%clk 0:14:21]} 25. Nd5
{[%clk 0:23:23]} Rb8 {[%clk 0:12:15]} 26. Qc2 {[%clk 0:23:02]} Bxd5 {[%clk
0:10:37]} 27. Bxd5 {[%clk 0:23:02]} Bg7 {[%clk 0:10:37]} 28. Re2 {[%clk 0:20:20]}
Rf4 {[%clk 0:10:35]} 29. Rd3 {[%clk 0:15:20]} Qa5 {[%clk 0:09:18]} 30. g3 {[%clk
0:15:04]} Rf6 {[%clk 0:09:14]} 31. Rde3 {[%clk 0:13:49]} Bh6 {[%clk 0:08:26]} 32.
Re4 {[%clk 0:13:49]} Qb5 {[%clk 0:07:15]} 33. Bc4 {[%clk 0:12:45]} Qc6 {[%clk
0:07:08]} 34. Qd3 {[%clk 0:12:45]} a5 {[%clk 0:06:21]} 35. h4 {[%clk 0:11:49]}
Bc1 {[%clk 0:05:02]} 36. b3 {[%clk 0:11:21]} Rbf8 {[%clk 0:05:02]} 37. Bd5 {[%clk
0:11:06]} Qb6 {[%clk 0:05:02]} 38. Qc4 {[%clk 0:10:32]} Bh6 {[%clk 0:03:58]} 39.
a4 {[%clk 0:09:06]} Bc1 {[%clk 0:03:13]} 40. Qb5 {[%clk 0:04:49]} Rb8 {[%clk
0:02:57]} 41. Qd7 {[%clk 0:02:55]} Kf8 {[%clk 0:02:56]} 42. Kg2 {[%clk 0:31:41]}
Rd8 {[%clk 0:31:40]} 43. Qb5 {[%clk 0:31:41]} Rb8 {[%clk 0:31:40]} 44. Qc4 {[%clk
0:31:11]} Bh6 {[%clk 0:29:16]} 45. h5 {[%clk 0:29:53]} Kg7 {[%clk 0:26:35]} 46.
Rg4 {[%clk 0:28:37]} Rf5 {[%clk 0:22:04]} 47. hxg6 {[%clk 0:28:37]} hxg6 {[%clk
0:22:04]} 48. Be4 {[%clk 0:26:53]} Rg5 {[%clk 0:21:15]} 49. Rxg5 {[%clk 0:26:53]}
Bxg5 {[%clk 0:21:15]} 50. Bd5 {[%clk 0:25:51]} Rf8 {[%clk 0:18:34]} 51. Re4
{[%clk 0:24:00]} Rf6 {[%clk 0:17:09]} 52. Rg4 {[%clk 0:23:11]} Bd2 {[%clk
0:15:01]} 53. f3 {[%clk 0:21:33]} Qd8 {[%clk 0:13:11]} 54. Qd3 {[%clk 0:21:31]}
Bc1 {[%clk 0:12:59]} 55. Qd1 {[%clk 0:18:28]} Be3 {[%clk 0:12:53]} 56. Qh1 {[%clk
0:17:26]} Bd2 {[%clk 0:11:34]} 57. Rh4 {[%clk 0:16:44]} Qg8 {[%clk 0:11:52]} 58.
Rh3 {[%clk 0:15:07]} Bg5 {[%clk 0:09:44]} 59. Qd1 {[%clk 0:14:40]} Qc8 {[%clk
0:08:55]} 60. Qd3 {[%clk 0:14:30]} Qd8 {[%clk 0:07:45]} 61. Qc4 {[%clk 0:14:08]}
Rf8 {[%clk 0:06:10]} 62. Qg4 {[%clk 0:14:15]} Bd2 {[%clk 0:06:07]} 63. Be4 {[%clk
0:10:36]} Qe8 {[%clk 0:06:02]} 64. Rh5 {[%clk 0:08:50]} Bc1 {[%clk 0:04:51]} 65.
f4 {[%clk 0:08:02]} exf4 {[%clk 0:04:43]} 66. Rh1 {[%clk 0:06:40]} Bd2 {[%clk
0:03:47]} 67. Qh4 {[%clk 0:05:33]} Rh8 {[%clk 0:03:42]} 68. Qxh8+ {[%clk
0:05:33]} Qxh8 {[%clk 0:03:42]} 69. Rxh8 {[%clk 0:05:33]} Kxh8 {[%clk 0:03:42]}
70. gxf4 {[%clk 0:04:47]} Bxc3 {[%clk 0:01:54]} 71. Bxg6 {[%clk 0:04:47]} Kg7
{[%clk 0:01:54]} 72. Bh5 {[%clk 0:04:19]} Kf6 {[%clk 0:01:37]} 73. Bg4 {[%clk
0:04:19]} Bd2 {[%clk 0:01:29]} 74. Kf3 {[%clk 0:04:19]} d5 {[%clk 0:01:29]} 75.
Bh3 {[%clk 0:04:19]} Bc1 {[%clk 0:01:29]} 76. Bg4 {[%clk 0:04:19]} Kg6 {[%clk
0:01:18]} 77. Bh3 {[%clk 0:04:19]} Kh5 {[%clk 0:01:11]} 78. Bf5 {[%clk 0:04:19]}
Kh6 {[%clk 0:01:11]} 79. Bd3 {[%clk 0:04:16]} Kg7 {[%clk 0:01:11]} 1/2-1/2

[Event "European Women's Championship"]
[Site "Vysoke Tatry"]
[Date "2018.04.12"]
[Round "5"]
[White "Ilyuchyk, Yana"]
[Black "Badelka, Olga"]
[Result "0-1"]
[Board "27"]
[WhiteElo "2098"]
[WhiteCountry "BLR"]
[WhiteFideId "13508407"]
[WhiteEloChange "-3"]
[BlackElo "2375"]
[BlackTitle "WIM"]
[BlackCountry "BLR"]
[BlackFideId "13509926"]
[BlackEloChange "3"]

1. e4 {[%clk 1:30:59]} c5 {[%clk 1:30:56]} 2. Nf3 {[%clk 1:31:25]} Nc6 {[%clk
1:31:18]} 3. d4 {[%clk 1:31:51]} cxd4 {[%clk 1:31:44]} 4. Nxd4 {[%clk 1:32:19]}
Qb6 {[%clk 1:32:08]} 5. Nb3 {[%clk 1:32:45]} Nf6 {[%clk 1:32:33]} 6. Nc3 {[%clk
1:33:11]} e6 {[%clk 1:32:59]} 7. Be3 {[%clk 1:33:38]} Qc7 {[%clk 1:33:24]} 8. a3
{[%clk 1:34:05]} a6 {[%clk 1:31:26]} 9. Bd3 {[%clk 1:34:28]} b5 {[%clk 1:31:37]}
10. f4 {[%clk 1:34:49]} d6 {[%clk 1:32:02]} 11. O-O {[%clk 1:35:14]} Be7 {[%clk
1:31:32]} 12. Qf3 {[%clk 1:35:37]} Bb7 {[%clk 1:31:57]} 13. Qh3 {[%clk 1:35:28]}
h5 {[%clk 1:24:49]} 14. Kh1 {[%clk 1:21:43]} b4 {[%clk 1:21:16]} 15. axb4 {[%clk
1:21:17]} Nxb4 {[%clk 1:21:42]} 16. Na5 {[%clk 1:21:29]} Bc8 {[%clk 0:41:54]} 17.
e5 {[%clk 1:04:00]} Nfd5 {[%clk 0:41:42]} 18. Qf3 {[%clk 0:49:58]} Nxe3 {[%clk
0:38:59]} 19. Qxe3 {[%clk 0:50:21]} Rb8 {[%clk 0:33:30]} 20. Qg3 {[%clk 0:43:41]}
g6 {[%clk 0:29:36]} 21. exd6 {[%clk 0:36:10]} Bxd6 {[%clk 0:29:44]} 22. Nc4
{[%clk 0:35:10]} Nxd3 {[%clk 0:28:43]} 23. Nxd6+ {[%clk 0:30:18]} Qxd6 {[%clk
0:29:09]} 24. Rad1 {[%clk 0:30:42]} h4 {[%clk 0:25:22]} 25. Qxd3 {[%clk 0:28:12]}
Qxd3 {[%clk 0:25:43]} 26. Rxd3 {[%clk 0:28:33]} Rxb2 {[%clk 0:25:15]} 27. Rfd1
{[%clk 0:26:21]} Ke7 {[%clk 0:24:06]} 28. R3d2 {[%clk 0:26:08]} h3 {[%clk
0:21:38]} 29. gxh3 {[%clk 0:21:45]} Rxh3 {[%clk 0:22:04]} 30. Ne2 {[%clk
0:21:59]} Bb7+ {[%clk 0:19:15]} 31. Kg1 {[%clk 0:22:25]} Bf3 {[%clk 0:14:22]} 32.
Ra1 {[%clk 0:21:59]} Bxe2 {[%clk 0:14:37]} 33. Rxe2 {[%clk 0:22:25]} Rc3 {[%clk
0:14:28]} 34. f5 {[%clk 0:21:18]} gxf5 {[%clk 0:14:39]} 35. Rxa6 {[%clk 0:21:14]}
Rcxc2 {[%clk 0:14:55]} 36. Rxc2 {[%clk 0:20:23]} Rxc2 {[%clk 0:15:23]} 37. Ra8
{[%clk 0:20:36]} Kf6 {[%clk 0:15:36]} 38. h4 {[%clk 0:20:47]} Kg7 {[%clk
0:14:16]} 39. Ra4 {[%clk 0:20:54]} Re2 {[%clk 0:13:58]} 0-1